000 02040nam a2200337 a 4500
001 ebr10379902
003 CaPaEBR
006 m u
007 cr cn|||||||||
008 100517s2010 dcu sb 000 0 eng d
020 _z9780309146951
020 _z030914695X
040 _aCaPaEBR
_cCaPaEBR
035 _a(OCoLC)659563987
043 _an-us---
050 1 4 _aSH365.A3
_bE26 2010eb
245 0 0 _aEcosystem concepts for sustainable bivalve mariculture
_h[electronic resource] /
_cCommittee on Best Practices for Shellfish Mariculture and the Effects of Commercial Activities in Drakes Estero, Pt. Reyes National Seashore, California, Ocean Studies Board, Division on Earth and Life Studies, National Research Council.
260 _aWashington, D.C. :
_bNational Academies Press,
_c2010.
300 _ax, 179 p.
504 _aIncludes bibliographical references (p. 133-169).
505 0 _aIntroduction -- Best management practices and performance standards -- Ecological effects of bivalve mariculture -- Bivalve mariculture contrasted with wild fisheries -- Carrying capacity and bivalve mariculture -- Economic and policy factors affecting bivalve mariculture -- Ecosystem services of bivalves : implications for restoration.
533 _aElectronic reproduction.
_bPalo Alto, Calif. :
_cebrary,
_d2010.
_nAvailable via World Wide Web.
_nAccess may be limited to ebrary affiliated libraries.
650 0 _aBivalve culture
_zUnited States.
650 0 _aBivalve culture
_zUnited States
_xManagement.
650 0 _aMariculture
_zUnited States.
650 0 _aShellfish fisheries
_zUnited States
_xManagement.
655 7 _aElectronic books.
_2local
710 2 _aNational Research Council (U.S.).
_bCommittee on Best Practices for Shellfish Mariculture and the Effects of Commercial Activities in Drakes Estero, Pt. Reyes National Seashore, California.
710 2 _aebrary, Inc.
856 4 0 _uhttp://site.ebrary.com/lib/rucke/Doc?id=10379902
_zAn electronic book accessible through the World Wide Web; click to view
999 _c205832
_d205832